000 00312nam a22001337a 4500
008 170503b xxu||||| |||| 00| 0 eng d
020 _a9789280810929
041 _aeng
080 _a342
100 _a13
101 _aSHJ
245 _aHUMAN RIGT AND SOCIETIESIN TRANSITION
_cHOROWITZ.SH
942 _2udc
_cBK
999 _c12503
_d12503